000 00516nam a2200193 a 4500
001 1777451638454
003 YourLibrary
005 20260429140737.0
008 260429s2005##################000#0#eng##
020 _a9781591396703
082 0 4 _a384.33
_bAUS
100 1 _aBradley, Stephen J.,
_eauthor.
245 1 0 _aThe Broadband Explosion :
260 _bHarvard Business Press,
_c2005.
300 _a371 pages
650 0 _aBusiness & Economics.
942 _cENGLISH
040 _aYourLibrary
_beng
_cYourLibrary
999 _c621470
_d621470